Normal view
MARC view
- Ahmed, Faizan
Entry Personal Name
001 - CONTROL NUMBER
- control field: 130668
003 - CONTROL NUMBER IDENTIFIER
- control field: NUST
005 - DATE AND TIME OF LATEST TRANSACTION
- control field: 20250924102235.0
008 - FIXED-LENGTH DATA ELEMENTS
- fixed length control field: 250924|| aca||aabn | a|a d
040 ## - CATALOGING SOURCE
- Original cataloging agency: NUST
- Transcribing agency: NUST
100 ## - HEADING--PERSONAL NAME
- Personal name: Ahmed, Faizan
670 ## - SOURCE DATA FOUND
- Source citation: Work cat.: (NUST): Ahmed, Faizan , Investigation of Impact Properties of Wave Springs Designed for Additive Manufacturing /
